Relationship small business and private brands
Značky výrobkov v rozvinutých krajinách a príležitosť k rastu hodnoty značky pre zákazníka. Povedomie a asociácie spotrebiteľa, ktoré si so značkou vytvára. Hodnota značky a posilnenie medzinárodných maloobchodných reťazcov.
Enregistré dans:
| Auteur principal: | |
|---|---|
| Autres auteurs: | |
| Format: | Chapitre de livre |
| Langue: | anglais |
| Sujets: | |
| Tags: |
Pas de tags, Soyez le premier à ajouter un tag!
|
MARC
| LEADER | 00000nla a2200000 4500 | ||
|---|---|---|---|
| 001 | 0215541 | ||
| 005 | 20240502073609.2 | ||
| 041 | 0 | |a eng | |
| 044 | |a SK | ||
| 245 | 1 | 0 | |a Relationship small business and private brands |c Michal Pružinský, Anna Hrnčiarová Turčiaková |
| 520 | |a Značky výrobkov v rozvinutých krajinách a príležitosť k rastu hodnoty značky pre zákazníka. Povedomie a asociácie spotrebiteľa, ktoré si so značkou vytvára. Hodnota značky a posilnenie medzinárodných maloobchodných reťazcov. | ||
| 610 | 2 | 0 | |a značky výrobkov |
| 610 | 2 | 0 | |a značky kvality |
| 610 | 2 | 0 | |a značky maloobchodné |
| 610 | 2 | 0 | |a reťazce obchodné |
| 610 | 2 | 0 | |a stratégia obchodná |
| 610 | 2 | 0 | |a označovanie tovarov |
| 610 | 2 | 0 | |a značky |
| 100 | 1 | |a Pružinský, Michal, 1952- | |
| 700 | 1 | |a Hrnčiarová Turčiaková, Anna | |